The immortals of meluha / (Record no. 149716)

MARC details
000 -LEADER
fixed length control field 00752nam a22002297a 4500
005 - DATE AND TIME OF LATEST TRANSACTION
control field 20180528130157.0
010 ## - LCCN (DPL NO)
LC control number B-689577
020 ## - INTERNATIONAL STANDARD BOOK NUMBER
International Standard Book Number 9789380658742
Terms of availability 325.00
035 ## - SYSTEM CONTROL NUMBER
System control number B-689577
037 ## - SOURCE OF ACQUISITION
Source of stock number/acquisition Pansy Books/CL/RP
037 ## - SOURCE OF ACQUISITION
Source of stock number/acquisition R.K.Books
082 ## - DEWEY DECIMAL CLASSIFICATION NUMBER
Classification number N
100 ## - MAIN ENTRY--PERSONAL NAME
Personal name Tripathi, Amish
245 ## - TITLE STATEMENT
Title The immortals of meluha /
Statement of responsibility, etc by Amish Tripathi
260 ## - PUBLICATION, DISTRIBUTION, ETC. (IMPRINT)
Place of publication, distribution, etc Chennai
Name of publisher, distributor, etc Westland
Date of publication, distribution, etc 2017
270 ## - ADDRESS
Address 61, II Floor, Silverline Building, Alapakkam Main Road, Maduravoyal
City Chennai
Postal code 600095
300 x# - PHYSICAL DESCRIPTION
Extent xviii, 417p.
Dimensions 21cm(pbk)
490 ## - SERIES STATEMENT
Series statement Shiva trilogy 1
942 ## - ADDED ENTRY ELEMENTS (KOHA)
Source of classification or shelving scheme Dewey Decimal Classification
Item type English Books
Call number suffix TRI
Classification part N
Holdings
Withdrawn status Lost status Not for loan Collection code Home library Current library Date acquired Source of acquisition Cost, normal purchase price Full call number Barcode Copy number Cost, replacement price Koha item type
      Fiction Central Library Central Library 05/02/2018 Pansy Books/1712/30.1.2018/RP7/17.1.2018/31.1.18 325.00 N TRI B-689577 1 325.00 English Books

© Delhi Public Library
Hit Counter
free hit counter